000
00313nam a2200121Ia 4500
008
191201s1997 xx 000 0 und d
100
_a
AHLUWALIA, V.K.
245
0
_a
Comprehensive Experimental Chemistry
260
_a
N. Delhi
_b
New Age International
_c
1997
300
_a
358
650
_a
Applied
942
_2
ddc
_c
BK
999
_c
6625
_d
6625